Concrete Technology (Record no. 4477)

MARC details
000 -LEADER
fixed length control field 00355nam a22001577a 4500
005 - DATE AND TIME OF LATEST TRANSACTION
control field 20160628144822.0
008 - FIXED-LENGTH DATA ELEMENTS--GENERAL INFORMATION
fixed length control field 160628b xxu||||| |||| 00| 0 eng d
041 ## - LANGUAGE CODE
Language code of text/sound track or separate title eng
082 ## - DEWEY DECIMAL CLASSIFICATION NUMBER
Item number 11465
100 ## - MAIN ENTRY--AUTHOR NAME
Personal name Singh, Birinder
245 ## - TITLE STATEMENT
Title Concrete Technology
260 ## - PUBLICATION, DISTRIBUTION, ETC. (IMPRINT)
Name of publisher Kapson
300 ## - PHYSICAL DESCRIPTION
Number of Pages E-23
650 ## - SUBJECT ADDED ENTRY--TOPICAL TERM
Topical Term Diploma Engineering
942 ## - ADDED ENTRY ELEMENTS (KOHA)
Koha item type Books
Holdings
Lost status Damaged status Home library Current library Shelving location Date acquired Cost, normal purchase price Full call number Accession Number Koha item type
    JRU Library   SHELF-48-G 28/06/2016 180.00 11465 11465 Books
    JRU Library   SHELF-48-G 28/06/2016 180.00 11465 11466 Books
    JRU Library   SHELF-48-G 28/06/2016 180.00 11465 11467 Books
    JRU Library   SHELF-48-G 28/06/2016 180.00 11465 11468 Books
    JRU Library   SHELF-48-G 28/06/2016 180.00 11465 11469 Books
    JRU Library   SHELF-48-G 28/06/2016 180.00 11465 11470 Books
    JRU Library   SHELF-48-G 28/06/2016 180.00 11465 11471 Books
    JRU Library   SHELF-48-G 28/06/2016 180.00 11465 11472 Books
    JRU Library   SHELF-48-G 28/06/2016 180.00 11465 11473 Books
    JRU Library   SHELF-48-G 28/06/2016 180.00 11465 11474 Books
    JRU Library   SHELF-48-G 28/06/2016 180.00 11465 11475 Books
    JRU Library   SHELF-48-G 28/06/2016 180.00 11465 11476 Books
    JRU Library   SHELF-48-G 28/06/2016 180.00 11465 11477 Books
    JRU Library   SHELF-48-G 28/06/2016 180.00 11465 11478 Books
    JRU Library   SHELF-48-G 28/06/2016 180.00 11465 11479 Books
    JRU Library   SHELF-48-G 28/06/2016 180.00 11465 11480 Books
    JRU Library   SHELF-48-G 28/06/2016 180.00 11465 11481 Books
    JRU Library   SHELF-48-G 28/06/2016 180.00 11465 11482 Books
    JRU Library   SHELF-48-G 28/06/2016 180.00 11465 11483 Books
    JRU Library   SHELF-48-G 28/06/2016 180.00 11465 11484 Books
    JRU Library   SHELF-48-G 28/06/2016 180.00 11465 11485 Books
    JRU Library   SHELF-48-G 28/06/2016 180.00 11465 11486 Books
    JRU Library   SHELF-48-G 28/06/2016 180.00 11465 11487 Books
    JRU Library   SHELF-48-G 28/06/2016 180.00 11465 11488 Books
    JRU Library   SHELF-48-G 28/06/2016 180.00 11465 11489 Books
    JRU Library   SHELF-48-G 28/06/2016 180.00 11465 11490 Books
    JRU Library   SHELF-48-G 28/06/2016 180.00 11465 11491 Books
    JRU Library   SHELF-48-G 28/06/2016 180.00 11465 11492 Books
    JRU Library   SHELF-48-G 28/06/2016 180.00 11465 11493 Books
    JRU Library   SHELF-48-G 28/06/2016 180.00 11465 11494 Books